Desastres y sociedad en América Latina: Directorio de investigadores, instituciones y proyectos /
Guardado en:
| Autores Corporativos: | , |
|---|---|
| Formato: | Texto |
| Publicado: |
San José:
FLACSO; OPES
|
| Etiquetas: |
Agregar Etiqueta
Sin Etiquetas, Sea el primero en etiquetar este registro!
|
MARC
| LEADER | 00000 a a2200000 04500 | ||
|---|---|---|---|
| 001 | 23472 | ||
| 003 | |||
| 040 | |||
| 090 | |a 163000 | ||
| 110 | |a CEPREDENAC | ||
| 245 | |a Desastres y sociedad en América Latina: Directorio de investigadores, instituciones y proyectos / |c CEPREDENAC | ||
| 260 | |a San José: |b FLACSO; OPES | ||
| 300 | |a 246 p. | ||
| 710 | |a FLACSO |a OPS | ||
| 999 | |c 13422 |d 13422 | ||
